header

A fabumouse vacation for Geronimo / (Record no. 263269)

MARC details
000 -LEADER
fixed length control field 00540nam a22001817a 4500
003 - CONTROL NUMBER IDENTIFIER
control field OSt
005 - DATE AND TIME OF LATEST TRANSACTION
control field 20240307144701.0
008 - FIXED-LENGTH DATA ELEMENTS--GENERAL INFORMATION
fixed length control field 240307b xxu||||| |||| 00| 0 eng d
010 ## - LIBRARY OF CONGRESS CONTROL NUMBER
LC control number 2005271672
020 ## - INTERNATIONAL STANDARD BOOK NUMBER
International Standard Book Number 0439559715 (pbk.)
040 ## - CATALOGING SOURCE
Transcribing agency RU
050 ## - LIBRARY OF CONGRESS CALL NUMBER
Classification number PZ7
Item number .F1195 2004
100 ## - MAIN ENTRY--PERSONAL NAME
Personal name Stilton, Geronimo.
245 ## - TITLE STATEMENT
Title A fabumouse vacation for Geronimo /
Statement of responsibility, etc Geronimo Stilton ; [illustrations by Larry Keys].
260 ## - PUBLICATION, DISTRIBUTION, ETC. (IMPRINT)
Place of publication, distribution, etc New York :
Name of publisher, distributor, etc Scholastic,
Date of publication, distribution, etc c2004.
300 ## - PHYSICAL DESCRIPTION
Extent 112 p. :
Other physical details ill., maps ;
Dimensions 20 cm.
942 ## - ADDED ENTRY ELEMENTS (KOHA)
Source of classification or shelving scheme Library of Congress Classification
Koha item type Long Loan Books
Holdings
Withdrawn status Lost status Source of classification or shelving scheme Damaged status Not for loan Collection code Home library Current library Shelving location Date acquired Total Checkouts Full call number Barcode Date last seen Price effective from Koha item type
    Library of Congress Classification     Fiction Rongo University Library Rongo University Library Children's Area 07/03/2024   PZ7 .F1195 2004 CL20233272 07/03/2024 07/03/2024 Long Loan Books

© 2026 Rongo University
Contact us: librarian | system librarian | Rongo university